[Event "Thessaloniki ol (Men)"]
[Site "Thessaloniki"]
[Date "1988.??.??"]
[Round "7"]
[White "Torre, Eugenio"]
[Black "Illescas Cordoba, Miguel"]
[Result "1-0"]
[WhiteElo "2555"]
[BlackElo "2510"]

1.d4 d5 2.Nf3 c5 3.c4 e6 4.e3 Nf6 5.cxd5 exd5 6.Be2 cxd4 7.exd4 Be7 8.O-O O-O
9.Ne5 Nc6 10.Nc3 Ne4 11.Nxc6 bxc6 12.Na4 Bd6 13.Bf3 Ba6 14.Be2 Qh4 15.g3 Nxg3
16.hxg3 Bxg3 17.fxg3 Qxg3+ 18.Kh1 Qh4+ 19.Kg2 Bxe2 20.Qxe2 Rae8 21.Qf3 Re6
22.Bf4 Rg6+ 23.Bg3 f5 24.Nc3 Qxd4 25.Kh1 Rh6+ 26.Bh2 g5 27.Rg1 g4 28.Raf1 Qg7
29.Qf4 Re6 30.Re1 Ref6 31.Ne2 h5 32.Nd4 Qf7 33.Nf3 d4 34.Nh4 c5 35.Re5 Kh7
36.Rge1 Qb7+ 37.Kg1 R8f7 38.Qg5 Qd7  1-0

[Event "Thessaloniki ol (Men)"]
[Site "Thessaloniki"]
[Date "1988.??.??"]
[Round "8"]
[White "Illescas Cordoba, Miguel"]
[Black "Ftacnik, Lubomir"]
[Result "1/2-1/2"]
[WhiteElo "2510"]
[BlackElo "2590"]

1.e4 c5 2.Nf3 d6 3.d4 cxd4 4.Nxd4 Nf6 5.Nc3 a6 6.Be2 e6 7.f4 Be7 8.O-O O-O
9.Kh1 Qc7 10.Qe1 b5 11.e5 dxe5 12.fxe5 Nfd7 13.Bf3 Bb7 14.Qg3 Bxf3 15.Nxf3 f5
16.Bg5 Nc6 17.Rad1 Nc5 18.Bxe7 Nxe7 19.b4 Ne4 20.Nxe4 fxe4 21.Ng5 Qc4 22.Rfe1 Nf5
23.Qb3 Qxb3 24.cxb3 Rac8 25.Rxe4 Rc6 26.Re2 h6 27.Ne4 Ne7 28.h3 Nd5 29.a3 Ra8
30.Rb1 a5 31.bxa5 Rxa5 32.Ra1 Rca6 33.a4 bxa4 34.Rxa4 Rxa4 35.bxa4 Rxa4 36.Nc5 Nf4
37.Rc2 Ra5 38.g3  1/2-1/2

[Event "Thessaloniki ol (Men)"]
[Site "Thessaloniki"]
[Date "1988.??.??"]
[Round "9"]
[White "Greenfeld, Alon"]
[Black "Illescas Cordoba, Miguel"]
[Result "1/2-1/2"]
[WhiteElo "2550"]
[BlackElo "2510"]

1.Nf3 c5 2.c4 e6 3.g3 Nf6 4.Bg2 Be7 5.O-O O-O 6.d4 d5 7.cxd5 exd5 8.Nc3 Nc6
9.Bg5 cxd4 10.Nxd4 h6 11.Be3 Re8 12.Rc1 Bf8 13.Nxc6 bxc6 14.Na4 Qa5 15.Rxc6 Bd7
16.Bd2 Bb4 17.Rc5 Qxa4 18.Qxa4 Bxa4 19.Bxb4 Rxe2 20.Ra5 Bc6 21.b3 Rc2 22.Rc5 Rxc5
23.Bxc5 Ne4 24.Rc1 Bb5 25.Be3 a6 26.Bh3 Ng5 27.Bxg5 hxg5 28.Rc8+ Rxc8 29.Bxc8 a5
30.f4 gxf4 31.gxf4 Kf8 32.Kf2 d4 33.Bb7 Ke7 34.a3 Kd6 35.b4 axb4 36.axb4 f6
37.h4 Kc7 38.Bd5 Bd3 39.Ke1 Kb6 40.Kd2 Bf1 41.Ke1 Ba6 42.Kd2  1/2-1/2

[Event "Thessaloniki ol (Men)"]
[Site "Thessaloniki"]
[Date "1988.??.??"]
[Round "11"]
[White "Illescas Cordoba, Miguel"]
[Black "Mateo, Ramon"]
[Result "1-0"]
[WhiteElo "2510"]
[BlackElo "2445"]

1.Nf3 c5 2.c4 Nc6 3.Nc3 g6 4.e3 Bg7 5.d4 cxd4 6.exd4 d6 7.d5 Ne5 8.Nxe5 Bxe5
9.Bd3 Nf6 10.O-O O-O 11.Bg5 h6 12.Bd2 Kg7 13.h3 Bd7 14.Qf3 Qc8 15.Rae1 Bf5
16.b3 Bxd3 17.Qxd3 Qf5 18.Qxf5 gxf5 19.f4 Bd4+ 20.Kh2 Rfe8 21.Nb5 Bb6 22.Be3 a6
23.Nxd6 exd6 24.Bxb6 Ne4 25.Rf3 h5 26.Rfe3 h4 27.b4 Rec8 28.Rxe4 fxe4 29.Rxe4 Re8
30.Rxe8 Rxe8 31.c5 Re7 32.c6 bxc6 33.dxc6 Re8 34.a4 Kf6 35.b5 Ke6 36.Bd8 axb5
37.axb5 d5 38.b6 Rxd8 39.c7 Kd7 40.cxd8=Q+ Kxd8 41.g4 d4 42.Kg2  1-0

[Event "Alicante op2"]
[Site "Alicante"]
[Date "1989.??.??"]
[Round "?"]
[White "Bevia, Luis Martinez"]
[Black "Illescas Cordoba, Miguel"]
[Result "0-1"]
[WhiteElo "2290"]
[BlackElo "2525"]

1.c4 e5 2.Nc3 Nf6 3.g3 c6 4.Bg2 d5 5.cxd5 cxd5 6.d4 exd4 7.Qxd4 Nc6 8.Qa4 d4
9.Ne4 Nxe4 10.Bxe4 Bb4+ 11.Kf1 Be7 12.Kg2 O-O 13.Nf3 Bf6 14.Bf4 Re8 15.Bd3 g5
16.Bd2 g4 17.Ng1 Ne5 18.Be4 Bd7 19.Qb3 Be6 20.Qxb7 Rb8 21.Qxa7 Bd5 22.f3 Nc6
23.Qa6 Rxe4 24.fxe4 Bxe4+ 25.Nf3 d3  0-1

[Event "Alicante op2"]
[Site "Alicante"]
[Date "1989.??.??"]
[Round "?"]
[White "Gual Pascual, Antonio"]
[Black "Illescas Cordoba, Miguel"]
[Result "0-1"]
[WhiteElo "2375"]
[BlackElo "2525"]

1.d4 e6 2.c4 Bb4+ 3.Bd2 a5 4.Nf3 d6 5.g3 Nc6 6.Bg2 e5 7.d5 Bxd2+ 8.Nfxd2 Nb8
9.Nc3 Nh6 10.c5 dxc5 11.Na4 Nd7 12.Ne4 b6 13.d6 c6 14.Nd2 Bb7 15.Bh3 Bc8
16.Bg2 O-O 17.Bxc6 Rb8 18.Nc3 Nf5 19.Nc4 Nd4 20.Bg2 Ba6 21.Ne3 Nf6 22.a4 Qxd6
23.O-O Rfd8 24.Re1 Qe6 25.Qb1 Rd6 26.Ra3 Rbd8  0-1

[Event "Alicante op2"]
[Site "Alicante"]
[Date "1989.??.??"]
[Round "?"]
[White "Illescas Cordoba, Miguel"]
[Black "Rodriguez Talavera, Juan Carlos"]
[Result "1-0"]
[WhiteElo "2525"]
[BlackElo "2395"]

1.e4 e5 2.Nf3 Nc6 3.Bc4 Bc5 4.c3 Nf6 5.b4 Bb6 6.d3 d6 7.Bb3 h6 8.Nbd2 a6
9.Nc4 Ba7 10.Be3 O-O 11.Bxa7 Rxa7 12.O-O Be6 13.Re1 Ra8 14.h3 Re8 15.a4 Qd7
16.a5 Na7 17.Rc1 Rad8 18.Ba4 c6 19.Ne3 Qe7 20.c4 Rf8 21.Rb1 Bd7 22.Bc2 Rfe8
23.Kh2 Be6 24.d4 exd4 25.Qxd4 c5 26.bxc5 dxc5 27.Qb2 Nc6 28.e5 Qc7 29.Qxb7 Qxb7
30.Rxb7 Nxa5 31.Rb6 Nd7 32.Rxa6 Ra8 33.Rxa8 Rxa8 34.Ra1 Nb6 35.Be4 Ra7 36.Rb1 Nd7
37.Bd5 Rc7 38.Kg3 Nc6 39.Bxc6 Rxc6 40.Nd5 Kh7 41.Rb7 Ra6 42.Nf4 Nb6 43.Nxe6 fxe6
44.Nd2 Kg6 45.f4 Ra2 46.Rxb6 Rxd2 47.Rxe6+ Kf5 48.Rc6 Rd3+ 49.Kh2 Kxf4 50.Rxc5 Kf5
51.Rc7 g5 52.e6 Re3 53.e7 Kf6 54.Kg1 Kf7 55.Kf2 Rc3 56.c5 Ke8 57.c6 h5 58.Ke2 g4
59.h4 g3 60.Kd2 Rc5 61.Ke3 Kf7  1-0

[Event "ESP-ch"]
[Site "ESP"]
[Date "1989.??.??"]
[Round "4"]
[White "Illescas Cordoba, Miguel"]
[Black "Garcia Fernandez, Carlos"]
[Result "1-0"]
[WhiteElo "2525"]
[BlackElo "2305"]

1.Nf3 Nf6 2.c4 c5 3.Nc3 Nc6 4.e3 e6 5.d4 d5 6.cxd5 exd5 7.Be2 cxd4 8.Nxd4 Bd6
9.O-O O-O 10.b3 a6 11.Bb2 Qe7 12.Rc1 Rd8 13.Nxc6 bxc6 14.Na4 Bb7 15.Qd4 Re8
16.Nc5 Bc8 17.Bd3 h6 18.Na4 Qc7 19.Qb6 Bxh2+ 20.Kh1 Ng4 21.Qxc7 Bxc7 22.Rxc6 Ba5
23.Be2 Nf6 24.Bxf6 gxf6 25.Rxf6 d4 26.Bc4 dxe3 27.fxe3 Be6 28.Bxe6 Rxe6 29.Rxe6 fxe6
30.Rf6 Rc8 31.Rxe6 Rc1+ 32.Kh2 Bc7+ 33.Kh3 h5 34.g3 Kf7 35.Rxa6 Bb8 36.Rb6 Be5
37.Rb5 Kf6 38.Nb6 Rd1 39.Nc4  1-0

[Event "FRA-chT"]
[Site "?"]
[Date "1989.??.??"]
[Round "?"]
[White "Ivkov, Borislav"]
[Black "Illescas Cordoba, Miguel"]
[Result "1/2-1/2"]
[WhiteElo "2460"]
[BlackElo "2525"]

1.Nf3 e6 2.c4 f5 3.g3 Nf6 4.Bg2 Be7 5.O-O O-O 6.d4 d5 7.b3 Nc6 8.Bb2 Bd7
9.Ne5 Be8 10.Nd2 a5 11.a3 Nxe5 12.dxe5 Ne4 13.Nxe4 dxe4 14.Qxd8 Rxd8 15.Rfd1 Bc6
16.e3 b6 17.Bf1  1/2-1/2

[Event "FRA-chT"]
[Site "?"]
[Date "1989.??.??"]
[Round "?"]
[White "Illescas Cordoba, Miguel"]
[Black "Tagnon, Nicole"]
[Result "1-0"]
[WhiteElo "2525"]
[BlackElo "2175"]

1.e4 Nf6 2.e5 Nd5 3.d4 d6 4.Nf3 Bg4 5.Be2 e6 6.O-O Be7 7.h3 Bh5 8.c4 Nb6
9.Nc3 O-O 10.Be3 a5 11.b3 d5 12.c5 N6d7 13.Rc1 Nc6 14.Ne1 Bxe2 15.Qxe2 f6
16.exf6 Bxf6 17.Qg4 Re8 18.Nf3 Nf8 19.Rcd1 Ng6 20.Bg5 Bxg5 21.Nxg5 Qf6 22.Rfe1 Nf4
23.Ne2 Nxe2+ 24.Rxe2 e5 25.dxe5 Rxe5 26.Rxe5 Nxe5 27.Qg3 c6 28.Re1 Ng6 29.Re6 Qf4
30.Qxf4 Nxf4 31.Re7 h6 32.Nf3 Rb8 33.Nd4 Ng6 34.Rc7 Ne5 35.f4 Nd3 36.Ne6 Kh8
37.f5 Nc1 38.Rxg7 d4 39.Rd7 d3 40.f6  1-0

[Event "FRA-chT"]
[Site "?"]
[Date "1989.??.??"]
[Round "?"]
[White "San Marco, Bruno"]
[Black "Illescas Cordoba, Miguel"]
[Result "0-1"]
[WhiteElo "2330"]
[BlackElo "2525"]

1.d4 d5 2.c4 e6 3.Nf3 c5 4.cxd5 exd5 5.g3 Nf6 6.Bg2 Be7 7.O-O O-O 8.Nc3 Nc6
9.Bg5 cxd4 10.Nxd4 h6 11.Be3 Re8 12.Qa4 Bd7 13.Rad1 Nb4 14.Qb3 a5 15.a4 Rc8
16.Ndb5 Be6 17.Bd4 Bc5 18.Bxc5 Rxc5 19.Rd2 Qb8 20.Qd1 Bg4 21.h3 Bh5 22.f4 Re3
23.g4 Bg6 24.Qe1 Be4 25.Qf2 Bxg2 26.Kxg2 Qe8 27.Nd6 Qe6 28.Nxb7 Rc4 29.Nxa5 Nxg4
30.Qh4 Rcxc3 31.bxc3 Rxe2+ 32.Rxe2 Qxe2+ 33.Kg3 Ne3 34.Qd8+ Kh7 35.Rf2 Nf5+
36.Kg2 Qe4+ 37.Kg1 Nd3 38.Qb6 Qe1+ 39.Rf1 Qg3+  0-1

[Event "FRA-chT"]
[Site "?"]
[Date "1989.??.??"]
[Round "?"]
[White "Dubois, Jean Marie"]
[Black "Illescas Cordoba, Miguel"]
[Result "0-1"]
[WhiteElo "2305"]
[BlackElo "2525"]

1.e4 c5 2.d4 cxd4 3.c3 d3 4.c4 Nf6 5.Nc3 d6 6.Bxd3 e6 7.Nf3 Nbd7 8.O-O Be7
9.b3 O-O 10.Bb2 a6 11.Rc1 b6 12.Bb1 Bb7 13.Nd4 Qc7 14.f4 Rfe8 15.Kh1 Rad8
16.Qe2 Bf8 17.Nf3 g6 18.e5 Nh5 19.Ng5 Bg7 20.Nce4 dxe5 21.fxe5 Nxe5 22.Bxe5 Qxe5
23.Nxf7 Nf4 24.Qg4 Kxf7 25.Rxf4+ Kg8 26.Rcf1 Rf8 27.Rxf8+ Rxf8 28.Rxf8+ Bxf8
29.Qf3 Qb2 30.Qf1 Be7 31.Nf2 Kg7 32.Be4 Bxe4 33.Nxe4 Qxa2 34.Qd1 Qb2 35.g4 Qe5
36.Qf3 Bg5 37.Nxg5 Qxg5 38.Qb7+ Kh6 39.Qxa6 Qc1+ 40.Kg2 Qc2+ 41.Kg1 Qxb3
42.Qc8 Qd1+ 43.Kf2 Qxg4 44.Qf8+ Kh5 45.Qg7 Qf4+ 46.Kg2 h6 47.Qc3 e5 48.Qb4 Qg4+
49.Kh1 Qf3+ 50.Kg1 Qe3+ 51.Kh1 Qf2 52.h3 e4 53.c5 Qf1+ 54.Kh2 Qe2+ 55.Kh1 Qd1+
56.Kh2 Qc2+ 57.Kh1 bxc5 58.Qb8 Qd1+ 59.Kh2 Qe2+ 60.Kh1 Qf3+ 61.Kh2 Kh4  0-1

[Event "Gran Canaria op2"]
[Site "Gran Canaria"]
[Date "1989.??.??"]
[Round "?"]
[White "Gomez Baillo, Jorge H"]
[Black "Illescas Cordoba, Miguel"]
[Result "1/2-1/2"]
[WhiteElo "2445"]
[BlackElo "2525"]

1.e4 c5 2.Nf3 e6 3.c3 d5 4.exd5 exd5 5.d4 Nc6 6.Be3 c4 7.b3 cxb3 8.axb3 Bd6
9.Bd3 Nge7 10.O-O Bf5 11.Bxf5 Nxf5 12.Bg5 Nfe7 13.Re1 O-O 14.Bh4 a6 15.Nbd2 Rc8
16.Nf1 Qd7 17.Ne3 Nf5 18.Bg3  1/2-1/2

[Event "Gran Canaria op2"]
[Site "Gran Canaria"]
[Date "1989.??.??"]
[Round "?"]
[White "Lopez, C."]
[Black "Illescas Cordoba, Miguel"]
[Result "0-1"]
[WhiteElo "2275"]
[BlackElo "2525"]

1.d4 Nf6 2.c4 e6 3.Nf3 c5 4.Nc3 cxd4 5.Nxd4 a6 6.e4 Qc7 7.Bd3 Nc6 8.Nxc6 dxc6
9.O-O e5 10.f4 Bg4 11.Qc2 O-O-O 12.h3 Bc5+ 13.Kh2 exf4 14.Bxf4 Bd6 15.g3 Be6
16.Rad1 h5 17.Bxd6 Qxd6 18.Be2 Qe5 19.h4 Rxd1 20.Rxd1 g5 21.Qd2 gxh4 22.Qf4 hxg3+
23.Qxg3 Ng4+ 24.Bxg4 hxg4+ 25.Kg2 Qxg3+ 26.Kxg3 Rh3+ 27.Kf4 f6 28.Rd6 Rf3+  0-1

[Event "Las Palmas op"]
[Site "Las Palmas"]
[Date "1989.??.??"]
[Round "?"]
[White "Illescas Cordoba, Miguel"]
[Black "Miralles, Gilles"]
[Result "0-1"]
[WhiteElo "2525"]
[BlackElo "2400"]

1.Nf3 Nf6 2.c4 b6 3.Nc3 Bb7 4.d4 e6 5.a3 d5 6.cxd5 exd5 7.g3 Be7 8.Bg2 O-O
9.O-O Na6 10.Qc2 c5 11.Bf4 Nc7 12.Rad1 Ne6 13.Bc1 Rc8 14.Qb1 Qe8 15.dxc5 bxc5
16.Ng5 h6 17.Nh3 Ba6 18.Rfe1 d4 19.Nd5 Bc4 20.Nxe7+ Qxe7 21.Qc2 Bd5 22.e4 Bb7
23.f4 c4 24.f5 d3 25.Qc3 Nc5 26.e5 Nfe4 27.Qxc4 Rfd8 28.Be3 d2 29.Rf1 Ba6
30.Bxc5 Nxc5 31.Qg4 Qxe5 32.Rf2 Qe1+ 33.Bf1 Ne4 34.f6 g6 35.Rfxd2 Qe3+ 36.Nf2 Rxd2
37.Rxd2 Rc1  0-1

[Event "EUCup Las Palmas-Moscow"]
[Site "Las Palmas"]
[Date "1989.??.??"]
[Round "?"]
[White "Balashov, Yuri S"]
[Black "Illescas Cordoba, Miguel"]
[Result "1/2-1/2"]
[WhiteElo "2530"]
[BlackElo "2525"]

1.e4 c5 2.d3 e6 3.f4 d5 4.Be2 dxe4 5.dxe4 Qxd1+ 6.Bxd1 b6 7.c3 Bb7 8.Bf3 Nc6
9.Nd2 O-O-O 10.Nh3 h6 11.O-O Nf6 12.Re1 Be7 13.e5 Nd5 14.Nc4 b5 15.Ne3 Na5
16.Nxd5 Bxd5 17.Bxd5 Rxd5 18.Nf2 Rhd8 19.b3 Kb7 20.Be3 a6 21.Kf1 h5  1/2-1/2

[Event "Leon"]
[Site "Leon"]
[Date "1989.??.??"]
[Round "?"]
[White "Estremera Panos, Sergio"]
[Black "Illescas Cordoba, Miguel"]
[Result "0-1"]
[WhiteElo "2315"]
[BlackElo "2525"]

1.d4 d5 2.c4 e6 3.Nc3 c5 4.cxd5 exd5 5.Nf3 Nc6 6.g3 Nf6 7.Bg2 Be7 8.O-O O-O
9.Bg5 cxd4 10.Nxd4 h6 11.Be3 Re8 12.Rc1 Bf8 13.Nxc6 bxc6 14.Na4 Bd7 15.Bc5 Bg4
16.Re1 Qa5 17.b3 Rac8 18.Qc2 Bxc5 19.Nxc5 Qa3 20.e3 Re7 21.h3 Bh5 22.Nd3 Bg6
23.Qc5 Qxc5 24.Nxc5 Rb8 25.Red1 Rb4 26.Bf1 Bf5 27.a3 Rb8 28.b4 Kf8 29.Nb3 Rc7
30.Kg2 Ke7 31.Nd4 Bd7 32.Bd3 a5 33.b5 c5 34.Nc6+ Bxc6 35.Rxc5 Kd6 36.Rxc6+ Rxc6
37.bxc6 Kxc6 38.Rc1+ Kd6 39.Rc3 Rb2 40.Bf5 g6 41.Bc2 Ra2 42.Bb1 Rb2 43.Bc2 Nd7
44.e4 d4 45.Rc4 Nb6 46.Rxd4+ Ke5 47.Rd2 Nc4 48.Re2 Nxa3 49.Bd1 Rxe2 50.Bxe2 Kxe4
51.Bd1 Nc4 52.Bb3 Kd4 53.f4 Kc3  0-1

[Event "Leon"]
[Site "Leon"]
[Date "1989.??.??"]
[Round "?"]
[White "Illescas Cordoba, Miguel"]
[Black "De la Villa Garcia, Jesus Maria"]
[Result "1-0"]
[WhiteElo "2525"]
[BlackElo "2430"]

1.Nf3 c5 2.c4 Nc6 3.d4 cxd4 4.Nxd4 e5 5.Nb5 a6 6.N5c3 h6 7.g3 Nf6 8.Bg2 Bc5
9.O-O O-O 10.Nd5 d6 11.Nbc3 Nxd5 12.Nxd5 Be6 13.Be3 Bxd5 14.cxd5 Nd4 15.Bd2 a5
16.e3 Nb5 17.a3 a4 18.Rc1 Nc7 19.Rc4 b5 20.Rh4 f5 21.e4 f4 22.Qg4 Qf6 23.gxf4 exf4
24.Bc3 Bd4 25.Bxd4 Qxd4 26.Rxh6 Qxb2 27.Rxd6 b4 28.Rd7 Qe5 29.h4 b3 30.Qg5 Qxg5
31.hxg5 Rf7 32.Rxf7 Kxf7 33.e5 Ra5 34.Rd1 b2 35.Rb1 Rb5 36.d6 Ne6 37.Bc6 Rxe5
38.Rxb2 Rxg5+ 39.Kf1 Nd8 40.Bxa4 Ke6 41.Rb8 Ra5 42.Be8 Kxd6 43.Rxd8+ Ke7
44.Rb8 Rxa3 45.Kg2 Kf6 46.Bh5 Kg5 47.Bf3 g6 48.Rb5+ Kh4 49.Rb6  1-0

[Event "Leon"]
[Site "Leon"]
[Date "1989.??.??"]
[Round "?"]
[White "Illescas Cordoba, Miguel"]
[Black "Sanz Alonso, Francisco Javier"]
[Result "1-0"]
[WhiteElo "2525"]
[BlackElo "2420"]

1.e4 e5 2.Nf3 Nc6 3.Bc4 Nf6 4.d4 exd4 5.e5 Ng4 6.Qe2 Qe7 7.Bf4 f6 8.exf6 Nxf6
9.Nbd2 d6 10.Nb3 Bg4 11.Qxe7+ Bxe7 12.Nfxd4 Nxd4 13.Nxd4 O-O-O 14.f3 Bd7
15.O-O-O Rde8 16.Rhe1 d5 17.Bd3 Bd8 18.Be5 g6 19.Re2 Rhf8 20.Rde1 a6 21.b4 Ne4
22.Bg7 Nc3 23.Rxe8 Rxe8 24.Rxe8 Bxe8 25.Kd2 Nxa2 26.c3 Bg5+ 27.Kc2 Nc1 28.Bf1 Ba4+
29.Kb2 Bd1 30.Be5 Bd2 31.g3 Be3 32.Nc2 Bd2 33.Bf4 Bxf4 34.gxf4 Ne2 35.Ne3 Nxc3
36.Kxc3 Bxf3 37.Bh3+ Kd8 38.Kd4 c6 39.Ke5 b6 40.Kd6 a5 41.Nc2 axb4 42.Nd4  1-0

[Event "Leon"]
[Site "Leon"]
[Date "1989.??.??"]
[Round "?"]
[White "Campos Moreno, Javier B"]
[Black "Illescas Cordoba, Miguel"]
[Result "1/2-1/2"]
[WhiteElo "2430"]
[BlackElo "2525"]

1.d4 d5 2.c4 e6 3.Nf3 c5 4.e3 Nf6 5.dxc5 Bxc5 6.a3 dxc4 7.Qxd8+ Kxd8 8.Bxc4 Ke7
9.b4 Bd6 10.Bb2 Nbd7 11.Nbd2 a6 12.e4 e5 13.Bd3 b5 14.Nb3 Bb7 15.Nfd2 Rac8
16.Ke2 Nb6 17.Na5 Na4 18.Nxb7 Nxb2 19.Rhc1 Na4 20.Bc2 Nc3+ 21.Ke3 Rc7 22.Bb3 Rxb7
23.Rxc3 Rd8 24.Ke2 a5 25.bxa5 Bxa3 26.Rc2 Bb4 27.f3 Ra7 28.Nf1 Rxa5 29.Rxa5 Bxa5
30.Rc5 Nd7 31.Rxb5 Rb8 32.Rxa5 Rxb3 33.Ne3 g6 34.Ra7 Rb2+ 35.Kd3 Ke8 36.Nd5 Nc5+
37.Kc4 Ne6 38.Ra8+ Kd7 39.Ra7+ Ke8 40.Ra8+ Kd7 41.Ra7+  1/2-1/2

[Event "Leon"]
[Site "Leon"]
[Date "1989.??.??"]
[Round "?"]
[White "Illescas Cordoba, Miguel"]
[Black "Sion Castro, Marcelino"]
[Result "1-0"]
[WhiteElo "2525"]
[BlackElo "2315"]

1.Nf3 Nf6 2.c4 g6 3.Nc3 d5 4.cxd5 Nxd5 5.Qa4+ Bd7 6.Qh4 Nxc3 7.dxc3 Nc6 8.Qg3 f6
9.h4 e5 10.h5 g5 11.e4 Bc5 12.Be2 Qe7 13.Nh2 O-O-O 14.Bg4 Kb8 15.O-O Be6
16.b4 Bb6 17.a4 a5 18.b5 Na7 19.Ba3 Qf7 20.Bxe6 Qxe6 21.Qg4 Qf7 22.Qf5 Nc8
23.Ng4 Nd6 24.Bxd6 Rxd6 25.Nxe5 Qe6 26.Qxe6 Rxe6 27.Nd7+ Ka7 28.Rfe1 Rhe8
29.Rad1 Rxe4 30.Kf1 R8e6 31.c4 Rxe1+ 32.Rxe1 Rd6 33.Re7 Bd4 34.Rxh7 Re6 35.Rf7 b6
36.Nf8 Re4 37.h6 Rh4 38.h7 Kb7 39.Ne6 Be5 40.g3 Rh3 41.Nd8+ Kc8 42.Nc6  1-0

[Event "Leon"]
[Site "Leon"]
[Date "1989.??.??"]
[Round "?"]
[White "Pinter, Jozsef"]
[Black "Illescas Cordoba, Miguel"]
[Result "1/2-1/2"]
[WhiteElo "2550"]
[BlackElo "2525"]

1.d4 Nf6 2.Nf3 g6 3.c4 Bg7 4.Nc3 d5 5.Bf4 O-O 6.e3 c5 7.dxc5 Ne4 8.Rc1 Nxc3
9.bxc3 dxc4 10.Qxd8 Rxd8 11.Bxc4 Nc6 12.e4 Bd7 13.O-O Rac8 14.Rfd1 Be8 15.Rxd8 Nxd8
16.Be3 b5 17.Bf1 Ne6 18.Nd4 Nxc5 19.Nxb5 Nxe4 20.c4 a6 21.Na7 Ra8 22.Rb1 Be5
23.f3 Nd2 24.Bxd2 Bd4+ 25.Kh1 Bxa7 26.Ba5 Bc5 27.Bd3 Rc8  1/2-1/2

[Event "Barcelona"]
[Site "Barcelona"]
[Date "1990.??.??"]
[Round "2"]
[White "Illescas Cordoba, Miguel"]
[Black "Fernandez Garcia, Jose L"]
[Result "1-0"]
[WhiteElo "2535"]
[BlackElo "2500"]

1.c4 Nf6 2.Nc3 e5 3.g3 Nc6 4.Bg2 Bc5 5.e3 O-O 6.Nge2 d5 7.Nxd5 Nxd5 8.cxd5 Nb4
9.O-O Nxd5 10.Qc2 Qd6 11.a3 a5 12.Nc3 Nxc3 13.bxc3 Qe7 14.d4 Bd6 15.c4 c6
16.Bb2 Re8 17.c5 Bb8 18.e4 exd4 19.Bxd4 Rd8 20.Rad1 Bg4 21.f3 Ba7 22.Bf2 Be6
23.Qc3 a4 24.Qb4 Bb3 25.Rd6 Rab8 26.f4 f6 27.Rc1 Re8 28.Rc3 Rbd8 29.Rcd3 Bb8
30.Rxd8 Rxd8 31.Rxd8+ Qxd8 32.Qxb7 Qd1+ 33.Bf1 Bc4 34.Qxb8+ Kf7 35.Qc7+ Kg6
36.f5+ Kh5 37.g4+ Kg5 38.Be3+  1-0

[Event "Barcelona"]
[Site "Barcelona"]
[Date "1990.??.??"]
[Round "5"]
[White "Ochoa de Echaguen, F Javier"]
[Black "Illescas Cordoba, Miguel"]
[Result "1/2-1/2"]
[WhiteElo "2400"]
[BlackElo "2535"]

1.e4 d5 2.exd5 Nf6 3.d4 Nxd5 4.Nf3 g6 5.Be2 Bg7 6.O-O O-O 7.Na3 Nc6 8.Nc4 Nb6
9.c3 Nxc4 10.Bxc4 Qd6 11.h3 Na5 12.Be2 c5 13.Qa4  1/2-1/2

[Event "Barcelona"]
[Site "Barcelona"]
[Date "1990.??.??"]
[Round "6"]
[White "Illescas Cordoba, Miguel"]
[Black "De la Villa Garcia, Jesus Maria"]
[Result "1-0"]
[WhiteElo "2535"]
[BlackElo "2475"]

1.c4 Nf6 2.Nc3 c5 3.g3 d5 4.cxd5 Nxd5 5.Bg2 Nc7 6.Nf3 Nc6 7.O-O e5 8.d3 Be7
9.Nd2 Bd7 10.Nc4 f6 11.f4 b5 12.Ne3 exf4 13.gxf4 Rb8 14.Bd2 O-O 15.f5 Nd4
16.Kh1 Qc8 17.Ned5 Bd6 18.Bf4  1-0

[Event "Barcelona"]
[Site "Barcelona"]
[Date "1990.??.??"]
[Round "7"]
[White "Bass, Leonid"]
[Black "Illescas Cordoba, Miguel"]
[Result "1/2-1/2"]
[WhiteElo "2480"]
[BlackElo "2535"]

1.d4 d5 2.c4 e6 3.Nf3 Nf6 4.cxd5 exd5 5.Bg5 c6 6.Nc3 h6 7.Bh4 Bf5 8.e3 Be7
9.Bd3 Ne4 10.Bxe7 Qxe7 11.Ne5 Nd7  1/2-1/2

[Event "Barcelona"]
[Site "Barcelona"]
[Date "1990.??.??"]
[Round "8"]
[White "Illescas Cordoba, Miguel"]
[Black "Magem Badals, Jorge"]
[Result "1/2-1/2"]
[WhiteElo "2535"]
[BlackElo "2470"]

1.c4 d6 2.Nc3 e5 3.e3 f5 4.d4 Nf6 5.dxe5 dxe5 6.Qxd8+ Kxd8 7.b3 Be6 8.Bb2 Nbd7
9.Nf3 c6 10.Be2 Bd6 11.O-O Ke7 12.Rfd1 Rhd8 13.h3 h6 14.Na4  1/2-1/2

[Event "ESP-chT"]
[Site "?"]
[Date "1990.??.??"]
[Round "?"]
[White "Illescas Cordoba, Miguel"]
[Black "Magem Badals, Jorge"]
[Result "1/2-1/2"]
[WhiteElo "2530"]
[BlackElo "2460"]

1.e4 c6 2.d4 d5 3.exd5 cxd5 4.c4 Nf6 5.Nc3 e6 6.a3 Be7 7.Nf3 O-O 8.Bd3 dxc4
9.Bxc4 a6 10.O-O b5 11.Ba2 Bb7 12.Bg5 Nbd7 13.Re1 Nb6 14.Ne5 Rc8 15.Qd3 Nbd5
16.Bb1 Nxc3 17.bxc3 g6 18.Bh6 Re8 19.a4 Nd5 20.Bd2 Bg5 21.axb5 axb5 22.Ra7 Bxd2
23.Qxd2 Re7 24.Be4 Qb6 25.Ra3 b4 26.cxb4 Qxb4 27.Qxb4 Nxb4 28.Bxb7 Rxb7 29.Rb3 Rb6
30.g3 Nd5 31.Rxb6  1/2-1/2

[Event "ESP-chT"]
[Site "?"]
[Date "1990.??.??"]
[Round "?"]
[White "Illescas Cordoba, Miguel"]
[Black "Rodriguez Vargas, Orestes"]
[Result "1/2-1/2"]
[WhiteElo "2530"]
[BlackElo "2500"]

1.c4 e6 2.Nc3 d5 3.d4 c5 4.e3 Nf6 5.Nf3 Nc6 6.a3 a6 7.dxc5 Bxc5 8.b4 Bd6
9.Bb2 dxc4 10.Bxc4 O-O 11.Qc2 b5 12.Bb3 Bb7 13.Rd1 Qe7 14.Ng5 Ne5 15.f4 Neg4
16.Rd3 Rfd8 17.O-O h6 18.Nxf7 Qxf7 19.h3 Kh8 20.Qe2 Ne5 21.fxe5 Bxe5 22.Rxd8+ Rxd8
23.Rd1  1/2-1/2

[Event "ESP-chT"]
[Site "?"]
[Date "1990.??.??"]
[Round "?"]
[White "Ivkov, Borislav"]
[Black "Illescas Cordoba, Miguel"]
[Result "1/2-1/2"]
[WhiteElo "2480"]
[BlackElo "2530"]

1.Nf3 Nf6 2.c4 c5 3.Nc3 Nc6 4.e3 e6 5.d4 d5 6.a3 cxd4 7.exd4 Ne4 8.Qc2 Nxc3
9.Qxc3 Be7 10.c5 b6 11.Bb5 Bd7 12.Bxc6 Bxc6 13.Ne5 Rc8 14.Nxc6 Rxc6 15.b4 bxc5
16.bxc5 O-O 17.Be3 Qc7 18.f4 Ra6 19.O-O Ra4 20.Rab1 Bf6 21.Rfc1 g6 22.Rb4 Qa5
23.Rxa4 Qxa4 24.Rb1 Kg7 25.h3  1/2-1/2

[Event "ESP-chT"]
[Site "?"]
[Date "1990.??.??"]
[Round "?"]
[White "Bernal Moro, Luis Javier"]
[Black "Illescas Cordoba, Miguel"]
[Result "1/2-1/2"]
[WhiteElo "2380"]
[BlackElo "2530"]

1.d4 Nf6 2.c4 e6 3.Nc3 Bb4 4.e3 c5 5.Bd3 cxd4 6.exd4 d5 7.cxd5 Nxd5 8.Ne2 O-O
9.Bc2 b6 10.O-O Bb7 11.Qd3 g6 12.Rd1 Nd7 13.Bh6 Re8 14.Ba4 a6 15.Qh3 b5 16.Bb3 Nxc3
17.bxc3 Bf8 18.Nf4 Bxh6 19.Qxh6 Qf6 20.h4 Rac8 21.Rac1 Qg7 22.Qg5 Nf6 23.f3 h6
24.Qg3 a5 25.a3 Nd7 26.Nd3 Red8 27.Kh2 Qf6 28.Re1 Nf8 29.Nc5 Bd5 30.Bc2 Nd7
31.Ne4 Qg7 32.Bd3 b4 33.axb4 axb4 34.cxb4 Qxd4 35.Rxc8 Rxc8 36.Qd6  1/2-1/2

[Event "Leon"]
[Site "Leon"]
[Date "1990.??.??"]
[Round "1"]
[White "Braga, Fernando"]
[Black "Illescas Cordoba, Miguel"]
[Result "1-0"]
[WhiteElo "2480"]
[BlackElo "2530"]

1.d4 Nf6 2.Nf3 d5 3.c4 e6 4.Nc3 c6 5.cxd5 exd5 6.Qc2 Nbd7 7.Bg5 Bd6 8.O-O-O Nf8
9.e4 dxe4 10.Nxe4 Be7 11.Bxf6 Bxf6 12.d5 Be7 13.dxc6 Qb6 14.Nd6+ Bxd6 15.Rxd6 Ne6
16.cxb7 Qxb7 17.Ba6 Qb4 18.Qc6+ Ke7 19.Qxa8 Qc5+ 20.Kb1 Kxd6 21.Rd1+ Ke7
22.Bxc8 Rxc8 23.Qe4 Qxf2 24.Nd4 Rc7 25.Nf5+ Kf6 26.Ne3  1-0

[Event "Leon"]
[Site "Leon"]
[Date "1990.??.??"]
[Round "2"]
[White "Illescas Cordoba, Miguel"]
[Black "Bass, Leonid"]
[Result "1-0"]
[WhiteElo "2530"]
[BlackElo "2485"]

1.e4 c6 2.c4 d5 3.cxd5 cxd5 4.exd5 Nf6 5.Nc3 Nxd5 6.Nf3 e6 7.d4 Be7 8.Bd3 Nc6
9.O-O O-O 10.Re1 Bf6 11.Be4 Nce7 12.Ne5 Bd7 13.Qd3 h6 14.Qg3 Bc6 15.Ng4 h5
16.Qh3 g6 17.Nxf6+ Nxf6 18.Bxc6 bxc6 19.Bg5 Nh7 20.Bh6 Re8 21.Rxe6 Qc8 22.Re3 Qxh3
23.Rxh3 Nf5 24.Bd2 Nxd4 25.Rd1 Rad8 26.Re3 Nf5 27.Rxe8+ Rxe8 28.f3 Nf6 29.Bg5 Kg7
30.Kf2 Nh7 31.Bc1 Nf8 32.b3 Ne6 33.Bb2 Kg8 34.Ne4 Rd8 35.Nf6+ Kf8 36.Ba3+ Kg7
37.Rxd8 Nxd8 38.Ne8+ Kg8 39.Bc5 a6 40.Nf6+ Kg7 41.Nd7 Nb7 42.g4 hxg4 43.fxg4 Nfd6
44.Bd4+ Kg8 45.Kf3 f5 46.g5 Ne4 47.Kf4 c5 48.Bb2 Nd8 49.h4 Ne6+ 50.Ke3 Nd6
51.Be5 Nf7 52.Bg3 Nfd8 53.Nb8 a5 54.Be1 Nb7 55.Nc6 a4 56.bxa4 Nd6 57.a5 Nc7
58.Bg3 Nd5+ 59.Kf3 Nb5 60.a6 c4 61.a4 Nbc7 62.Ne7+  1-0

[Event "Leon"]
[Site "Leon"]
[Date "1990.??.??"]
[Round "4"]
[White "Illescas Cordoba, Miguel"]
[Black "Franco Ocampo, Zenon"]
[Result "1/2-1/2"]
[WhiteElo "2530"]
[BlackElo "2475"]

1.e4 c5 2.Nf3 Nc6 3.d4 cxd4 4.Nxd4 Nf6 5.Nc3 d6 6.Be2 e6 7.O-O Be7 8.Be3 O-O
9.f4 Bd7 10.Qe1 Nxd4 11.Bxd4 Bc6 12.Qg3 g6 13.Bf3 Nd7 14.Rad1 Qc7 15.f5 Ne5
16.Qh3 exf5 17.exf5 Nxf3+ 18.Rxf3 Bxf3 19.f6 Rfe8 20.fxe7 Bc6 21.Bf6 h5 22.Qe3 Kh7
23.Ne2 Rxe7 24.Qxe7 Qxe7 25.Bxe7 Re8 26.Nd4 Rxe7 27.Nxc6 bxc6 28.Rxd6 Re1+
29.Kf2 Rb1 30.b3 Rb2 31.Rxc6 Rxa2 32.Ke3 Kg7 33.Rc4 g5 34.Kd3 Kf6 35.h4 gxh4
36.Rxh4 Kg5 37.Rc4  1/2-1/2